| 000 -LEADER |
| fixed length control field |
00692nam a2200217 a 4500 |
| 001 - CONTROL NUMBER |
| control field |
6811 |
| 003 - CONTROL NUMBER IDENTIFIER |
| control field |
BD-DhUAP |
| 005 - DATE AND TIME OF LATEST TRANSACTION |
| control field |
20200223104615.0 |
| 008 - FIXED-LENGTH DATA ELEMENTS--GENERAL INFORMATION |
| fixed length control field |
200223s1997 bg b 000 0 eng |
| 020 ## - INTERNATIONAL STANDARD BOOK NUMBER |
| International Standard Book Number |
9840513745 |
| 040 ## - CATALOGING SOURCE |
| Original cataloging agency |
DLC |
| Transcribing agency |
DLC |
| Language of cataloging |
Eng |
| Modifying agency |
BD-DhUAP |
| 082 00 - DEWEY DECIMAL CLASSIFICATION NUMBER |
| Classification number |
954.922 RAB |
| Edition number |
23 |
| 100 1# - MAIN ENTRY--PERSONAL NAME |
| Personal name |
Rabbani, Golam. |
| 245 10 - TITLE STATEMENT |
| Title |
Dhaka : |
| Remainder of title |
from Mughal outpost to metropolis / |
| Statement of responsibility, etc. |
Golam Rabbani. |
| 260 ## - PUBLICATION, DISTRIBUTION, ETC. |
| Place of publication, distribution, etc. |
Dhaka, Bangladesh : |
| Name of publisher, distributor, etc. |
University Press Ltd., |
| Date of publication, distribution, etc. |
c1997. |
| 300 ## - PHYSICAL DESCRIPTION |
| Extent |
207 pages : |
| Other physical details |
illustrations ; |
| Dimensions |
31 cm. |
| 504 ## - BIBLIOGRAPHY, ETC. NOTE |
| Bibliography, etc. note |
Includes bibliographical references. |
| 651 #0 - SUBJECT ADDED ENTRY--GEOGRAPHIC NAME |
| Geographic name |
Dhaka (Bangladesh) |
| General subdivision |
Pictorial works. |
| 651 #0 - SUBJECT ADDED ENTRY--GEOGRAPHIC NAME |
| Geographic name |
Dhaka (Bangladesh) |
| General subdivision |
Description and travel. |
| 942 ## - ADDED ENTRY ELEMENTS (KOHA) |
| Source of classification or shelving scheme |
|
| Koha item type |
Book |